Nguyễn Khuyến thơ và lời bình
Tuyển chọn những bài phê bình, nghiên cứu, đánh giá về cuộc đời, sự nghiệp sáng tác văn học của Nguyễn Khuyến cùng một số giai thoại về ông
Gorde:
| Beste egile batzuk: | |
|---|---|
| Formatua: | Liburua |
| Hizkuntza: | Vietnamese |
| Argitaratua: |
H.
Văn hoá Thông tin
2003
|
| Gaiak: | |
| Etiketak: |
Etiketa erantsi
Etiketarik gabe, Izan zaitez lehena erregistro honi etiketa jartzen!
|
| Thư viện lưu trữ: | Mạng thư viện Đại học Đà Nẵng |
|---|
| LEADER | 01116nam a2200337 4500 | ||
|---|---|---|---|
| 001 | 000004166 | ||
| 003 | 296 | ||
| 005 | 20121211001258.0 | ||
| 008 | 110715s2003 viesd | ||
| 020 | |c 49000 | ||
| 041 | 0 | |a vie | |
| 082 | |a 895. 922 1 |b MAI | ||
| 245 | 0 | |a Nguyễn Khuyến thơ và lời bình |c Mai Hương tuyển chọn và b.s | |
| 260 | |a H. |b Văn hoá Thông tin |c 2003 | ||
| 300 | |a 467 tr |c 21 cm | ||
| 520 | |a Tuyển chọn những bài phê bình, nghiên cứu, đánh giá về cuộc đời, sự nghiệp sáng tác văn học của Nguyễn Khuyến cùng một số giai thoại về ông | ||
| 653 | |a Nghiên cứu văn học | ||
| 653 | |a Nguyễn Khuyến | ||
| 653 | |a Thơ | ||
| 653 | |a Lịch sử và phê bình | ||
| 653 | |a Văn học cận đại | ||
| 700 | |a Mai Hương |e tuyển chọn và b.s | ||
| 910 | |a Nguyễn Thị Kim Oanh |d 15/ 07/ 2011 | ||
| OWN | |a LSP | ||
| 999 | |a From the UDN01 | ||
| TYP | |a Monograph | ||
| TYP | |a Printed language | ||
| 980 | |a Mạng thư viện Đại học Đà Nẵng | ||